LEADER 01635nam 22006255u 450 001 9910158729303321 005 20211006144756.0 010 $a9783318039863 010 $a3318039861 035 $a(CKB)3780000000101161 035 $a(OCoLC)1046190232 035 $a(SZ-BaSKA)219684 035 $a(MiAaPQ)EBC31865195 035 $a(Au-PeEL)EBL31865195 035 $a(EXLCZ)993780000000101161 100 $a20211006d1979 uy 0 101 0 $aeng 135 $aurunu||||| 181 $ctxt$2rdacontent 182 $cc$2rdamedia 183 $acr$2rdacarrier 200 10$aAspiration Biopsy Cytology : $ePart II: Cytology of Infradiaphragmatic Organs / $f I. Zajicek 205 $a1st ed. 210 $aBasel : $cS. Karger, $d1979 215 $a1 online resource (XIV + 254 pages) : $c 139 figures, 3 in color, 12 tables 225 1 $aIssn Series 311 08$a9783805529334 311 08$a3805529333 410 0$aIssn Series 606 $aAnatomy 606 $aCytology 606 $aEmbryology 606 $aHistology 606 $aPathology 606 $aImmunology 606 $aNephrology 606 $aOncology 606 $aRadiology 615 14$aAnatomy 615 14$aCytology 615 14$aEmbryology 615 14$aHistology 615 14$aPathology 615 24$aImmunology 615 24$aNephrology 615 24$aOncology 615 24$aRadiology 676 $a616.07/582 700 $aZajicek$b I$01215090 801 0$bUKSKG 801 1$bUKSKG 906 $aBOOK 912 $a9910158729303321 996 $aAspiration Biopsy Cytology$92807138 997 $aUNINA